Bristol Airport Countries Quiz Stats

 Plays Quiz not verified by Sporcle

Challenge
Share
Tweet
Embed
Score 0/15 Timer 04:00
0 Plays Today
% Correct
Ireland
99.4%
Spain
98.9%
Italy
98.3%
Greece
98.3%
Germany
97.8%
Poland
97.8%
Malta
96.6%
Belgium
96.6%
% Correct
Holland
96.6%
Switzerland
94.4%
Czechslovakia
93.3%
UK
90.5%
France
89.4%
Cyprus
82.7%
Portugal
82.1%

You're not logged in!

Compare scores with friends on all Sporcle quizzes.
Join for Free
OR
Log In

You Might Also Like...

Show Comments

Extras

Top Quizzes Today


Score Distribution

Your Account Isn't Verified!

In order to create a playlist on Sporcle, you need to verify the email address you used during registration. Go to your Sporcle Settings to finish the process.

Report this User

Report this user for behavior that violates our Community Guidelines.

Details: